|
|
|
|
| LEADER |
01067nem a2200301 i 4500 |
| 001 |
001433323 |
| 003 |
CZ BrMZK |
| 005 |
20160122085444.0 |
| 007 |
aj|c|||| |
| 008 |
141031s1978 xr |||| |a |r|||||cze d |
| 015 |
|
|
|a cnb001640519
|
| 034 |
1 |
|
|a a
|b 200000
|
| 040 |
|
|
|a BOA001
|b cze
|
| 080 |
|
|
|a 913(437.311)
|2 MRF
|
| 080 |
|
|
|a (084.3)656.1
|2 MRF
|
| 245 |
0 |
0 |
|a Objezdové trasy Prahy
|h [kartografický dokument]
|
| 255 |
|
|
|a Měřítko 1:200 000
|
| 260 |
|
|
|a Praha :
|b Kartografie ;
|b Komise pro bezpečnost silničního provozu Rady Středočes. KNV,
|c 1978
|
| 300 |
|
|
|a 1 mapa :
|b barev. ;
|c 44 x 67 cm
|
| 500 |
|
|
|a Text na rubu
|
| 655 |
0 |
7 |
|a automapy
|7 fd131856
|2 czenas
|
| 651 |
|
7 |
|a Praha (Česko : oblast)
|7 ge130513
|2 czenas
|
| 710 |
2 |
|
|a Kartografie Praha (firma)
|7 kn20010724363
|4 pbl
|
| 710 |
1 |
|
|a Středočeský kraj (Česko).
|7 ko2004260361
|b Krajský národní výbor
|4 pbl
|
| 910 |
|
|
|a BOA001
|b Skř.9A-0795.309
|
| 990 |
|
|
|a MP
|
| 991 |
|
|
|b 201410
|
| 996 |
6 |
|
|b 2619029209
|c Skř.9A-0795.309
|l MZK
|r Sklad / do 24 hodin
|n 0
|w 001483306
|u 000010
|a 1
|e BOA001
|j MZK50
|s P
|